| 000 | 00599nam a22002057a 4500 | ||
|---|---|---|---|
| 003 | OSt | ||
| 005 | 20140310182802.0 | ||
| 008 | 130213t xxu||||| |||| 00| 0 eng d | ||
| 020 | _a9789814352666 | ||
| 050 |
_aHF 5718.3 _b.G941 2011 |
||
| 082 |
_aM 808.06665 _bG941 2011 |
||
| 245 |
_aEssentials of business communication / _cGuffey, Mary Ellen |
||
| 260 |
_aMason, OH : _bThomson/South-Western, _cc2011. |
||
| 300 |
_a1 v. (various pagings) : _c28 cm. _bill. (some col.) |
||
| 521 | _acollege students | ||
| 526 | _c1210L-1700L | ||
| 541 | _j1 | ||
| 562 | _e1 | ||
| 942 |
_2lcc _cBK _kM |
||
| 999 |
_c16000 _d16000 |
||